[Event "Czech League 2002/03 (2nd) (a)"]
[Site "masterchessopen.com Czech Republic"]
[Round "0"]
[White "Vozka Pavel (CZE)"]
[Black "Cernousek Lukas (CZE)"]
[Result "0-1"]
[WhiteElo "2231"]
[BlackElo "2343"]

1.e4 c5 2.Nf3 d6 3.d4 cxd4 4.Nxd4 Nf6 5.Nc3 g6 6.Be3 Bg7 7.f3 O-O 8.Qd2 Nc6
9.Bc4 Bd7 10.O-O-O Qa5 11.Bb3 Rfc8 12.Kb1 Ne5 13.Bg5 Rc5 14.h4 Re8 15.h5 Nxh5
16.Bh6 Bh8 17.Rxh5 gxh5 18.g4 hxg4 19.f4 Nc4 20.Qe2 Nxb2 21.f5 Bxd4 22.Qxg4+
Kh8 23.Rg1 Qxc3 24.Bxf7 Bxg1 {#R} 0-1

[Event "Ch France (juniors) (under 12)"]
[Site "masterchessopen.com France"]
[Round "5"]
[White "Thibaud Corentin (FRA)"]
[Black "Edouard Romain (FRA)"]
[Result "0-1"]
[WhiteElo "2005"]
[BlackElo "2212"]

1.e4 c5 2.Nf3 d6 3.d4 cxd4 4.Nxd4 Nf6 5.Nc3 g6 6.Be3 Bg7 7.f3 O-O 8.Qd2 Nc6
9.Bc4 Bd7 10.O-O-O Qa5 11.Kb1 Rfc8 12.Bb3 Ne5 13.h4 Nc4 14.Bxc4 Rxc4 15.Nb3
Qc7 16.Bd4 Be6 17.h5 a5 18.hxg6 hxg6 19.a4 b5 20.Nxb5 Qb8 21.Nc3 Qb7 22.g4 Rb8
23.Rh4 Nxe4 24.Qh2 Rxd4 25.Rh1 Nxc3+ 26.bxc3 Rd1+ 27.Rxd1 Bxb3 28.Kc1 Bxa4
29.Rh1 Qb1+ 30.Kd2 Qxc2+ {#R} 0-1

[Event "corr."]
[Site "masterchessopen.com France"]
[Round "0"]
[White "Delabre Tony (FRA)"]
[Black "Acudad Marsuk"]
[Result "0-1"]
[WhiteElo "2106"]
[BlackElo "1699"]

1.e4 c5 2.Nf3 g6 3.d4 cxd4 4.Nxd4 Bg7 5.Nc3 d6 6.Be3 Nf6 7.f3 Nc6 8.Qd2 Bd7
9.Bc4 O-O 10.O-O-O Qa5 11.Bb3 Rfc8 12.h4 Ne5 13.Kb1 Nc4 14.Bxc4 Rxc4 15.Nb3
Qc7 16.h5 Nxh5 17.Nd5 Qd8 18.g4 Rac8 19.gxh5 Rxc2 20.Qxc2 Rxc2 21.Kxc2 a6
22.hxg6 fxg6 {#R} 0-1

[Event "It (open)"]
[Site "masterchessopen.com Glasgow (Scotland)"]
[Round "4"]
[White "Massa John"]
[Black "Lilja Richard (DEN)"]
[Result "0-1"]
[WhiteElo "1796"]
[BlackElo "2106"]

1.e4 c5 2.Nf3 d6 3.d4 cxd4 4.Nxd4 Nf6 5.Nc3 g6 6.Be3 Bg7 7.f3 O-O 8.Qd2 Nc6
9.Bc4 Bd7 10.O-O-O Qa5 11.Bb3 Rfc8 12.Kb1 Ne5 13.h4 Nc4 14.Bxc4 Rxc4 15.Nb3
Qc7 16.h5 Rc8 17.hxg6 fxg6 18.Rc1 a5 19.Nd5 Nxd5 20.Qxd5+ e6 21.Qd2 a4 22.Nd4
d5 23.exd5 exd5 24.g4 b5 25.Ne2 Qe5 26.c3 Re8 27.Bf4 Qxe2 28.Qxd5+ Qe6 {#R}
0-1

[Event "Ch World (juniors) (under 14)"]
[Site "masterchessopen.com Halkidiki (Greece)"]
[Round "7"]
[White "Sanikidze Tornike (GEO)"]
[Black "Schwarhofer Christopher (AUT)"]
[Result "1-0"]
[WhiteElo "2364"]
[BlackElo "2123"]

1.e4 c5 2.Nf3 d6 3.d4 cxd4 4.Nxd4 Nf6 5.Nc3 g6 6.Be3 Bg7 7.f3 O-O 8.Qd2 Nc6
9.Bc4 Bd7 10.O-O-O Qa5 11.h4 Rfc8 12.Bb3 Ne5 13.g4 Nc4 14.Bxc4 Rxc4 15.h5 Rac8
16.Nb3 Qc7 17.hxg6 hxg6 18.Bh6 Bh8 19.Bg5 Bg7 20.Bh6 Bh8 21.Bg5 Bg7 22.e5 Ne8
23.exd6 Nxd6 24.Bxe7 Bxc3 25.bxc3 Rxc3 26.Bf6 Rxc2+ 27.Kb1 {#r} 1-0

[Event "It (open) (juniors) (under 16)"]
[Site "masterchessopen.com Hengelo (Netherlands)"]
[Round "6"]
[White "Drost Peter (NED)"]
[Black "Stoffers Jeffrey (NED)"]
[Result "1-0"]
[WhiteElo "2107"]
[BlackElo "1770"]

1.e4 c5 2.Nf3 d6 3.d4 cxd4 4.Nxd4 Nf6 5.Nc3 g6 6.Be3 Nc6 7.f3 Bg7 8.Qd2 O-O
9.Bc4 Bd7 10.O-O-O Qa5 11.h4 Rfc8 12.Bb3 Ne5 13.g4 Nc4 14.Bxc4 Rxc4 15.Nb3 Qa6
16.Kb1 Rac8 17.h5 d5 18.hxg6 fxg6 19.e5 d4 20.exf6 dxe3 21.Qxd7 Qxf6 22.Rd3 e2
23.Re1 Rxc3 24.bxc3 Rxc3 25.Qe8+ Bf8 26.Rxc3 Qxc3 27.Rxe2 Qxf3 28.Rxe7 {#r}
1-0

[Event "Spartakiada Russia (juniors)"]
[Site "masterchessopen.com Kazan (Russia)"]
[Round "0"]
[White "Kostrikina Anna (RUS)"]
[Black "Valiullina Natalya (RUS)"]
[Result "1-0"]
[WhiteElo "2197"]
[BlackElo "1994"]

1.e4 c5 2.Nf3 d6 3.d4 cxd4 4.Nxd4 Nf6 5.Nc3 g6 6.Bc4 Bg7 7.f3 O-O 8.Be3 Nc6
9.Qd2 Bd7 10.O-O-O Qa5 11.h4 Rfc8 12.Bb3 Ne5 13.Kb1 Nc4 14.Bxc4 Rxc4 15.Nb3
Qa6 16.Bh6 Bh8 17.h5 Rac8 18.hxg6 hxg6 19.Bf8 Nh5 20.Bxe7 Rxc3 21.bxc3 Qc4
22.g4 Bxc3 23.Qc1 Ng7 24.Rxd6 Be6 25.Rd8+ Rxd8 26.Bxd8 a5 27.Qa3 a4 28.Qf8+
{#r} 1-0

[Event "It (open)"]
[Site "masterchessopen.com Mondariz (Spain)"]
[Round "9"]
[White "Outerelo Ucha Manuel (ESP)"]
[Black "Hoffman Alejandro (ARG)"]
[Result "0-1"]
[WhiteElo "2239"]
[BlackElo "2472"]

1.e4 c5 2.Nf3 d6 3.d4 cxd4 4.Nxd4 Nf6 5.Nc3 g6 6.Be3 Bg7 7.f3 Nc6 8.Qd2 Bd7
9.Bc4 O-O 10.O-O-O Qa5 11.h4 Ne5 12.Bb3 Rfc8 13.h5 Nxh5 14.Bh6 Bxh6 15.Qxh6
Rxc3 16.bxc3 Nf6 17.Ne2 Rc8 18.Kb1 Nc4 19.Rd5 Qc7 20.Nf4 Na3+ 21.Kb2 Qxc3+
22.Kxa3 Rc6 {#R} 0-1

[Event "It (open)"]
[Site "masterchessopen.com Oberwart (Austria)"]
[Round "7"]
[White "Lakos Nikoletta (HUN)"]
[Black "Cebalo Miso (CRO)"]
[Result "1-0"]
[WhiteElo "2359"]
[BlackElo "2520"]

{ Cebalo Miso (CRO) +9 =4 -4 } 1.e4 { 1 } 1...c5 2.Nf3 d6 3.d4 Nf6 4.Nc3 cxd4
5.Nxd4 g6 6.Be3 Bg7 7.f3 O-O 8.Qd2 Nc6 9.Bc4 Bd7 10.O-O-O Qa5 11.Bb3 Rfc8
12.h4 Ne5 13.g4 b5 14.h5 Nc4 15.Bxc4 bxc4 ( 15...Rxc4 16.hxg6 fxg6 17.Nb3 Qa6
18.g5 Rxc3 19.bxc3 Ne8 20.Qd5+ e6 21.Qxa8 Qa3+ 22.Kd2 { 1-0, Bachler Kevin L
2350 - Losoff A, Illinois 1993 It (open) } ) 16.Bh6 { ? } 16...Bh8 17.Nf5 Re8
( 17...Bxf5 18.exf5 Rab8 19.hxg6 fxg6 20.Qe3 Qe5 21.Qxe5 dxe5 22.g5 Ne8 23.Nd5
Rb7 24.fxg6 hxg6 25.Bf8 Kxf8 26.Rxh8+ Kf7 27.Ne3 c3 28.b3 Nd6 29.Rh7+ Ke6
30.Ng4 e4 31.fxe4 Rb4 32.Ne5 Nxe4 33.Nxg6 Nxg5 34.Rxe7+ Kf5 35.Re5+ Kxg6
36.Rg1 Kf6 37.Rexg5 { ...1-0, Ribli Zoltan 2525 - Ree Hans 2440 , Amsterdam
1973 It "IBM" } ) 18.Qg5 ( 18.hxg6 fxg6 19.e5 { } ) 18...Qb6 ( 18...Qc5 19.e5
{ } ) 19.hxg6 fxg6 20.Bg7 { ?! } ( 20.Nh4 { !? } 20...Kf7 21.Qe3 Reb8 22.Qxb6
{ } ) 20...Bxg7 { } 21.Nxg7 Reb8 { ! } ( 21...Kxg7 { ? } 22.Nd5 Qc5 23.Qh6+
Kf7 { } ) 22.Nh5 { ? } ( { ? } 22.Qh6 Qxb2+ { } ) 22...d5 { N ?? } ( 22...Nxh5
23.gxh5 Be8 24.b3 cxb3 25.axb3 Qc5 26.Nd5 Rb7 27.Nxe7+ Rxe7 28.Qxe7 Rc8 29.Rh2
gxh5 30.Rg2+ Bg6 31.Rxd6 Qe3+ 32.Rgd2 Rf8 33.Rd8 Rxd8 34.Qxd8+ Kg7 35.Qd4+
Qxd4 36.Rxd4 h4 37.Kd2 h3 38.Ke3 Kh6 39.Kf4 { 1-0, Nunn John D M 2600 - Ward
Christopher 2505 , Birmingham 1998 Ch England (team) 1997/98 } ) ( { ? }
22...Qxb2+ 23.Kd2 { } ) 23.Nxf6+ exf6 24.Qh6 Be6 25.Qxh7+ Kf8 26.Qh8+ Ke7
27.Rh7+ Kd6 28.Qxf6 Qe3+ 29.Kb1 { } {#r} 1-0

[Event "It \"]
[Site "masterchessopen.com Olomouc (Czech Republic)"]
[Round "10"]
[White "Toma Katarzyna (POL)"]
[Black "Kanovsky David (CZE)"]
[Result "1-0"]
[WhiteElo "2230"]
[BlackElo "2392"]

1.e4 c5 2.Nf3 d6 3.d4 cxd4 4.Nxd4 Nf6 5.Nc3 g6 6.Be3 Bg7 7.f3 Nc6 8.Qd2 O-O
9.Bc4 Qa5 10.O-O-O Bd7 11.h4 Rfc8 12.Bb3 Ne5 13.Kb1 b5 14.h5 Nxh5 15.g4 Nf6
16.Bh6 Bxh6 17.Rxh6 Rxc3 18.bxc3 Bxg4 19.fxg4 Nxe4 20.Qe1 Nxc3+ 21.Ka1 Rc8
22.Rh3 b4 23.Qh4 Kf8 24.Qxh7 Ke8 25.Qg8+ Kd7 26.Be6+ fxe6 27.Qxe6+ Kc7
28.Rxc3+ bxc3 29.Qxe7+ {#r} 1-0

[Event "Ch Asturias"]
[Site "masterchessopen.com Oviedo (Spain)"]
[Round "11"]
[White "Cobiella Rodriguez Jose (ESP)"]
[Black "Ortiz Fernandez-Vega A (ESP)"]
[Result "0-1"]
[WhiteElo "1982"]
[BlackElo "2131"]

1.e4 c5 2.Nf3 g6 3.d4 cxd4 4.Nxd4 Nf6 5.Nc3 Bg7 6.Be3 d6 7.f3 O-O 8.Qd2 Nc6
9.Bc4 Bd7 10.O-O-O Qa5 11.Bb3 Rfc8 12.h4 Ne5 13.g4 Nc4 14.Bxc4 Rxc4 15.h5 Rac8
16.Nb3 Qa6 17.hxg6 hxg6 18.e5 Nxg4 19.fxg4 Bxg4 20.Qh2 Bxe5 21.Qh7+ Kf8
22.Rhf1 Be6 23.Nd4 Rxd4 24.Bxd4 Bxd4 {#R} 0-1

[Event "Ch Hungary (juniors) (under 20) (g)"]
[Site "masterchessopen.com Budapest (Hungary)"]
[Date "2003.04.16"]
[Round "3"]
[White "Papp Judit (HUN)"]
[Black "Remete Zsuzsa (HUN)"]
[Result "1-0"]
[WhiteElo "2121"]
[BlackElo "2067"]

1.e4 c5 2.Nf3 d6 3.d4 cxd4 4.Nxd4 Nf6 5.Nc3 g6 6.Be3 Bg7 7.f3 Nc6 8.Qd2 Bd7
9.Bc4 O-O 10.O-O-O Qa5 11.h4 Rfc8 12.Bb3 Ne5 13.h5 Nc4 14.Bxc4 Rxc4 15.hxg6
hxg6 16.Nb3 Qa6 17.g4 Rac8 18.e5 Nxg4 19.fxg4 Bxe5 20.Bd4 Bxg4 21.Qh6 Rxd4
22.Rxd4 Bxd4 23.Nxd4 Bh5 24.Nf5 {#r} 1-0

[Event "Ch France (team) (nat.4) 2003/04"]
[Site "masterchessopen.com France"]
[Date "2003.11.16"]
[Round "2"]
[White "Kirakoshian Artak"]
[Black "Alirached Fodil (FRA)"]
[Result "1-0"]
[WhiteElo "1999"]
[BlackElo "1991"]

1.e4 c5 2.Nf3 d6 3.d4 cxd4 4.Nxd4 Nf6 5.Nc3 g6 6.Be3 Bg7 7.f3 Nc6 8.Qd2 O-O
9.Bc4 Bd7 10.O-O-O Qa5 11.Bb3 Rfc8 12.g4 Ne5 13.h4 b5 14.h5 Nc4 15.Bxc4 Rxc4
16.hxg6 fxg6 17.Nb3 Qc7 18.g5 b4 19.gxf6 Rc8 20.Qh2 Bxf6 21.Qxh7+ Kf8 22.Bh6+
Ke8 23.Qg8# 1-0

[Event "Cup Rilton"]
[Site "masterchessopen.com Stockholm (Sweden)"]
[Round "9"]
[White "Berg Emanuel (SWE)"]
[Black "Molander Riku (FIN)"]
[Result "1-0"]
[WhiteElo "2529"]
[BlackElo "2328"]

1.e4 c5 2.Nf3 d6 3.d4 cxd4 4.Nxd4 Nf6 5.Nc3 Nc6 6.f3 g6 7.Be3 Bg7 8.Qd2 O-O
9.Bc4 Bd7 10.O-O-O Qa5 11.Bb3 Rfc8 12.h4 Ne5 13.Kb1 Nc4 14.Bxc4 Rxc4 15.Nb3
Qa6 16.e5 Ne8 17.h5 Rac8 18.hxg6 hxg6 19.g4 Rxc3 20.bxc3 Nc7 21.Qh2 Nb5
22.Qh7+ Kf8 23.Bh6 Nxc3+ 24.Kb2 Qxa2+ 25.Kc1 Ne2+ 26.Kd2 Qxc2+ 27.Ke1 Qc3+
28.Nd2 {#r} 1-0

[Event "Ch Belgium (team) 2003/04"]
[Site "masterchessopen.com Belgium"]
[Date "2004.01.18"]
[Round "7"]
[White "Golubev Mikhail (UKR)"]
[Black "Goormachtigh Johan (BEL)"]
[Result "1-0"]
[WhiteElo "2520"]
[BlackElo "2279"]

{ Golubev Mihail (UKR) +2 =1 -0 Goormachtigh Johan (BEL) +0 =1 -0 } 1.e4 { 1 }
1...c5 2.Nf3 d6 3.d4 cxd4 4.Nxd4 Nf6 5.Nc3 g6 6.Be3 Bg7 7.f3 Nc6 8.Qd2 O-O
9.O-O-O Bd7 10.Bc4 Qa5 11.Bb3 Rfc8 12.h4 Ne5 13.Kb1 ( 13.h5 Nxh5 14.g4 Nf6
15.Bh6 Rxc3 16.bxc3 Bxh6 17.Rxh6 Rc8 18.Kb2 Qb6 19.Kc1 Qa5 20.Kb2 Qb6 21.Kc1
Qa5 { 1/2-1/2, Golubev Mihail 2527 - Gluzman Mikhail 2403 , Belgrade 1991 It
(cat.8) } ) 13...Nc4 14.Bxc4 Rxc4 15.Nb3 Qc7 { ?/= } 16.g4 ( 16.Bd4 Be6 17.h5
a5 18.hxg6 hxg6 19.a4 Rb4 20.Rh4 Rc8 21.Rdh1 Bxb3 22.cxb3 e5 23.Be3 Rxb3
24.Nb5 Qe7 25.Bh6 Nh5 26.Bxg7 Kxg7 27.Rxh5 gxh5 28.Nxd6 Qd8 29.Rxh5 { 1-0,
Tiviakov Sergei 2655 - Phillips Roy 2245 , Breda 1998 Cup European Club } )
16...Be6 ( 16...Rc8 17.Bd4 ( 17.e5 Ne8 18.Nd5 Qd8 19.exd6 Rxc2 { } ) 17...Be6
18.h5 a5 19.hxg6 hxg6 20.g5 Nh5 21.Bxg7 Kxg7 22.Nd4 Qc5 23.Nxe6+ fxe6 24.f4 b5
25.f5 b4 26.f6+ Kf7 27.Na4 Rxc2 28.Nxc5 Rxd2 29.Rxd2 Rxc5 30.fxe7 Kxe7 31.Rhd1
Rxg5 32.Rxd6 Nf6 33.R6d4 Re5 34.Re1 g5 35.Kc2 g4 36.Kd3 { ...0-1, Chiaramitara
Jr Pedro 2075 - Hoffman Alejandro 2506 , Brasilia 2001 It (open) } ) ( 16...a5
17.e5 Nxg4 18.Nd5 Qd8 19.fxg4 Bxg4 20.Nb6 Bxd1 21.Nxc4 Bg4 22.exd6 Be6 23.Nb6
Ra6 24.dxe7 Qxe7 25.Bc5 Qf6 26.Bd4 Qf3 27.Re1 a4 28.Bxg7 axb3 29.Bc3 bxc2+
30.Kxc2 Qf5+ 31.Kd1 f6 32.Qd6 Bf7 33.a3 g5 34.hxg5 { 0-1, Negri Sergio 2349 -
Carrera Martin, Buenos Aires 2003 It (open) } ) 17.h5 ( 17.Nd4 Rc8 18.h5 Qd7
19.hxg6 fxg6 20.Nxe6 Qxe6 21.Rhe1 a5 22.Re2 a4 23.a3 b5 24.g5 Nd7 25.Qd5 Qxd5
26.Nxd5 Kf7 27.Rh2 Rh8 28.Rdh1 e6 29.Nb4 Ne5 30.Nd3 Rb8 31.Nxe5+ Bxe5 32.Rxh7+
Bg7 33.Bf4 Rc6 34.Bd2 Rbc8 35.c3 Rf8 36.Kc2 Kg8 { ...1-0, Agopov Mikael 2389 -
Andersen Alf R 2192 , Oslo 2003 It (open) } ) 17...Rc8 ( 17...a5 18.Nd4 Rxc3
19.Nxe6 fxe6 20.Qxc3 Qxc3 21.bxc3 Nd7 22.Bd4 Rf8 23.Rdf1 g5 24.h6 Bf6 25.Be3
Rc8 26.Rh5 Kf7 27.Bxg5 Bxc3 28.Bc1 Rc4 29.Rb5 Nc5 30.Be3 Na4 31.Rxb7 Bf6
32.Bd2 Nc5 33.Rb5 d5 34.exd5 exd5 35.Bxa5 Kg6 36.Rb4 Rc3 37.Rf4 { ...1-0,
Macieja Bartlomiej 2536 - Salmensuu Olli 2458 , Saint Vincent 2000 Ch Europe }
) ( 17...b5 18.Nxb5 Qb8 19.N5d4 a5 20.hxg6 a4 21.Nxe6 fxe6 22.gxh7+ Kh8 23.Nd4
Nd7 24.c3 Nc5 25.Bh6 Be5 26.Rh5 a3 27.b3 Bxd4 28.cxd4 Nxb3 29.Bg7+ { 1-0,
Rowson Jonathan 2536 - Tan Desmond 2307 , Torquay 2002 Ch Great Britain } )
18.hxg6 { N } ( 18.Bd4 a5 ( 18...Rxd4 19.Nxd4 Bc4 20.h6 Bh8 21.b3 Be6 22.Ncb5
Qb6 23.Nxe6 Qxb5 24.Nd4 Qc5 25.c4 Nd7 26.g5 Qb6 27.f4 Rxc4 28.e5 Rc8 29.e6 Nc5
30.exf7+ Kxf7 31.Qe2 d5 32.Qb5 Qd6 33.Rhe1 Ne4 34.Ne2 e6 35.Qxb7+ Rc7 36.Qb5
Qa3 37.Nd4 Bxd4 { ...0-1, Peiro-Olia M - Kaveh T, Teheran 1992 Ch Iran } )
19.hxg6 hxg6 20.g5 Nh5 21.Bxg7 Kxg7 22.Nd4 Qc5 23.Nxe6+ fxe6 24.f4 b5 25.f5 b4
26.f6+ Kf7 27.Na4 Rxc2 28.Nxc5 Rxd2 29.Rxd2 Rxc5 30.fxe7 Kxe7 31.Rhd1 Rxg5
32.Rxd6 Nf6 33.R6d4 Re5 34.Re1 g5 35.Kc2 g4 36.Kd3 Rh5 37.Rc4 Nd7 { ...0-1,
Chiaramitara Jr Pedro 2075 - Hoffman Alejandro 2506 , Brasilia 2001 It (open)
} ) 18...fxg6 19.Bd4 ( 19.Nd4 Qd7 20.Qh2 Rxc3 21.bxc3 Rxc3 22.Rd3 Rc4 23.e5
dxe5 24.Qxe5 Rb4+ 25.Nb3 Qc6 26.Bh6 Bh8 27.Qxe6+ { 1-0, Bosch Jeroen 2290 -
Matveeva Svetlana 2502 , Groningen 1993 It (open) } ) 19...a5 ( 19...a6 20.Qh2
Bf7 21.f4 h6 22.Rhg1 b5 23.e5 dxe5 24.Bxe5 Qc6 25.Na5 Qe6 26.Nxc4 Rxc4 27.f5
Qc8 28.g5 hxg5 29.Rxg5 b4 30.fxg6 Be6 31.Nd5 Bxd5 32.Bxf6 Bxf6 33.Rgxd5 { 1-0,
Pavlov Mircea 2362 - Teodorescu Serban 2235 , Predeal 1989 Ch Romania } )
20.Bxf6 { N } 20...exf6 { ?! } ( 20...Bxf6 { !? } 21.Nd5 Rxc2 22.Nxc7 Rxd2 { }
) 21.Qxd6 { !? } ( 21.Nb5 Qd7 22.Qxd6 Qf7 23.N3d4 { } ) 21...Qf7 22.Nd4 Rxc3
23.Qxe6 Qxe6 24.Nxe6 Rxc2 25.Nxg7 { ? } ( { ? } 25.Rd7 Bh6 26.g5 fxg5 27.a4 {
} ) 25...Rf2 { ?! } ( 25...Kxg7 { !? } 26.Rd7+ Kf8 27.Rdxh7 R8c7 { } ) 26.Rd7
Rcc2 27.Rxb7 { } {#r} 1-0

[Event "Ch Bulgaria (qual.)"]
[Site "masterchessopen.com Velingrad (Bulgaria)"]
[Date "2004.03.15"]
[Round "4"]
[White "Stanoev Atanas (BUL)"]
[Black "Lalev Ivan (BUL)"]
[Result "0-1"]
[WhiteElo "1823"]
[BlackElo "2026"]

1.e4 c5 2.Nf3 d6 3.d4 cxd4 4.Nxd4 Nf6 5.Nc3 g6 6.Be3 Bg7 7.Bc4 O-O 8.f3 Nc6
9.Qd2 Qa5 10.O-O-O Bd7 11.Bb3 Rfc8 12.h4 Ne5 13.h5 Nxh5 14.Bh6 Nd3+ 15.Kb1
Nxb2 16.Kxb2 Bxh6 17.Qxh6 Rxc3 18.Ne2 Rxb3+ 19.axb3 Be6 20.g4 Nf6 21.Rh4 Rc8
22.g5 Nh5 23.f4 Qc5 24.Rc1 Qe3 25.f5 Bxb3 26.Rh2 Bc4 27.Ng1 Qb6+ 28.Kc3 Ba6+
29.Kd2 Qd4+ {#R} 0-1

[Event "It (open) (juniors)"]
[Site "masterchessopen.com St. Lo (France)"]
[Date "2004.07.08"]
[Round "1"]
[White "Le Bail Clara (FRA)"]
[Black "Padelli Mail"]
[Result "1-0"]
[WhiteElo "2063"]
[BlackElo "2250"]

1.e4 c5 2.Nf3 d6 3.d4 cxd4 4.Nxd4 Nf6 5.Nc3 g6 6.Be3 Bg7 7.f3 O-O 8.Bc4 Nc6
9.Qd2 Bd7 10.O-O-O Qa5 11.h4 Rfc8 12.Bb3 Ne5 13.Nd5 Qxd2+ 14.Rxd2 Nxd5 15.Bxd5
Nc4 16.Bxc4 Rxc4 17.h5 Rac8 18.hxg6 hxg6 19.g4 a5 20.Nf5 gxf5 21.gxf5 Kf8
22.Rg2 e6 23.Bf4 Be5 24.Bxe5 Ke7 25.f6+ Kd8 26.Bxd6 Be8 27.Rd2 Kd7 28.Bb8+ Kc6
29.Rd6+ Kc5 30.Rh5+ {#r} 1-0

[Event "It \"]
[Site "masterchessopen.com Copenhagen (Denmark)"]
[Date "2004.07.28"]
[Round "6"]
[White "Korolev Nikolaj (DEN)"]
[Black "Moller Frederik Oest (DEN)"]
[Result "1-0"]
[WhiteElo "2107"]
[BlackElo "1832"]

1.e4 c5 2.Nf3 d6 3.d4 cxd4 4.Nxd4 Nf6 5.Nc3 g6 6.Be3 Bg7 7.f3 O-O 8.Qd2 Nc6
9.Bc4 Bd7 10.O-O-O Qa5 11.Bb3 Rfc8 12.Kb1 Ne5 13.h4 Nc4 14.Bxc4 Rxc4 15.Nb3
Qc7 16.Bd4 Be6 17.h5 Nxh5 18.Bxg7 Kxg7 19.g4 Nf6 20.Qh6+ Kg8 21.g5 Nh5 22.Rxh5
gxh5 23.Rh1 Qd7 24.Rxh5 Bf5 25.Nd5 {#r} 1-0

[Event "Ch SCG (juniors) (under 20)"]
[Site "masterchessopen.com Subotica (Yugoslavia)"]
[Date "2004.08.14"]
[Round "3"]
[White "Mijovic Stefan (MNE)"]
[Black "Dobrijevic Milan (SRB)"]
[Result "0-1"]
[WhiteElo "2136"]
[BlackElo "2160"]

1.e4 c5 2.Nf3 d6 3.d4 cxd4 4.Nxd4 Nf6 5.Nc3 g6 6.Be3 Bg7 7.f3 O-O 8.Qd2 Nc6
9.Bc4 Bd7 10.O-O-O Qa5 11.Bb3 Rfc8 12.Kb1 Ne5 13.g4 b5 14.Nd5 Qxd2 15.Bxd2
Nxd5 16.Bxd5 Rab8 17.Bc1 a5 18.c3 e6 19.Bb3 a4 20.Bc2 b4 21.cxb4 Rxb4 22.g5
Nc4 23.b3 Bxd4 24.Rxd4 Na3+ 25.Bxa3 Rxd4 26.Rd1 Rxd1+ 27.Bxd1 d5 28.exd5 exd5
29.Bb2 Bf5+ 30.Ka1 Bc2 {#R} 0-1

[Event "Ch SCG (team) (Premier League)"]
[Site "masterchessopen.com Belgrade (Yugoslavia)"]
[Date "2004.09.29"]
[Round "5"]
[White "Krstic Ranko (SRB)"]
[Black "Nedeljkovic Srecko (SRB)"]
[Result "1-0"]
[WhiteElo "2195"]
[BlackElo "2214"]

1.e4 c5 2.Nf3 d6 3.d4 cxd4 4.Nxd4 Nf6 5.Nc3 g6 6.Be3 Bg7 7.f3 O-O 8.Qd2 Nc6
9.Bc4 Bd7 10.O-O-O Qa5 11.Bb3 Rfc8 12.h4 Ne5 13.Kb1 Nc4 14.Bxc4 Rxc4 15.Nb3
Qc7 16.h5 Nxh5 17.g4 Nf6 18.e5 Nxg4 19.fxg4 Bxe5 20.Bd4 Bc6 21.Rh3 f6 22.Bxe5
dxe5 23.Nd5 Bxd5 24.Qxd5+ Kg7 25.g5 f5 26.Rxh7+ {#r} 1-0

[Event "It (open)"]
[Site "masterchessopen.com Sautron (France)"]
[Date "2004.10.27"]
[Round "5"]
[White "Colovic Aleksandar (MKD)"]
[Black "Paci Cedric (FRA)"]
[Result "1-0"]
[WhiteElo "2408"]
[BlackElo "2254"]

1.e4 c5 2.Nf3 d6 3.d4 cxd4 4.Nxd4 Nf6 5.Nc3 g6 6.Be3 Bg7 7.f3 O-O 8.Qd2 Nc6
9.Bc4 Bd7 10.O-O-O Qa5 11.Bb3 Ne5 12.Kb1 Rfc8 13.h4 Nc4 14.Bxc4 Rxc4 15.Nb3
Qc7 16.g4 b5 17.e5 Ne8 18.Nd5 Qd8 19.Na5 Ra4 20.Nb7 Qb8 21.Nxe7+ Kf8 22.Nxd6
Bxe5 23.Nxe8 Bxe8 24.Bc5 Kg7 25.h5 Bf4 26.Qd5 Rc4 27.hxg6 hxg6 28.Bd4+ Rxd4
29.Rxd4 {#r} 1-0

[Event "It (open)"]
[Site "masterchessopen.com Nice (France)"]
[Date "2004.12.28"]
[Round "5"]
[White "Schott Raimund (FRA)"]
[Black "Cwiek Loic (FRA)"]
[Result "1-0"]
[WhiteElo "2129"]
[BlackElo "2042"]

1.e4 c5 2.Nf3 d6 3.d4 cxd4 4.Nxd4 Nf6 5.Nc3 g6 6.Be3 Bg7 7.Qd2 O-O 8.f3 Nc6
9.Bc4 Bd7 10.O-O-O Qa5 11.h4 Ne5 12.Bb3 Rfc8 13.h5 Nc4 14.Bxc4 Rxc4 15.Nb3 Qc7
16.hxg6 hxg6 17.Bh6 Bh8 18.Bf8 Rxf8 19.Rxh8+ Kxh8 20.Qh6+ Kg8 21.Nd5 Rxc2+
22.Kb1 Nxd5 23.Rh1 Rxb2+ 24.Ka1 Rxa2+ 25.Kxa2 Nc3+ 26.Ka1 {#r} 1-0

[Event "Ch France (juniors)"]
[Site "masterchessopen.com Calvi (France)"]
[Round "8"]
[White "Gambier Hugo (FRA)"]
[Black "Houriez Clement (FRA)"]
[Result "1-0"]
[WhiteElo "2029"]
[BlackElo "2062"]

1.e4 c5 2.Nf3 d6 3.d4 cxd4 4.Nxd4 Nf6 5.Nc3 g6 6.Be3 Bg7 7.f3 O-O 8.Qd2 Nc6
9.Bc4 Bd7 10.O-O-O Qa5 11.Bb3 Rfc8 12.h4 Ne5 13.g4 b5 14.h5 Nc4 15.Bxc4 bxc4
16.Bh6 Bh8 17.Nf5 Re8 18.Qg5 Qb4 19.hxg6 fxg6 20.Bg7 gxf5 21.Bxf6+ {#r} 1-0

[Event "Ch Pan-American (juniors) (under 14)"]
[Site "masterchessopen.com Balneario Camboriu (Brazil)"]
[Date "2005.06.13"]
[Round "3"]
[White "Meza Ponce Jeison (ECU)"]
[Black "Arcos Facio Mateo (URU)"]
[Result "1-0"]
[WhiteElo "2118"]
[BlackElo "2027"]

1.e4 c5 2.Nf3 d6 3.d4 cxd4 4.Nxd4 Nf6 5.Nc3 g6 6.Be3 Bg7 7.f3 O-O 8.Bc4 Nc6
9.Qd2 Bd7 10.O-O-O Qa5 11.Bb3 Rfc8 12.h4 Ne5 13.g4 Nc4 14.Bxc4 Rxc4 15.Nb3 Qa6
16.Kb1 Rac8 17.h5 Rxc3 18.bxc3 Bxg4 19.e5 Nd7 20.fxg4 Nxe5 21.hxg6 fxg6
22.Qd5+ Kh8 23.Rxh7+ Kxh7 24.Rh1+ {#r} 1-0

[Event "It (open)"]
[Site "masterchessopen.com Dortmund (Germany)"]
[Date "2005.07.14"]
[Round "6"]
[White "Ebert Manuel (GER)"]
[Black "Voss Andreas (GER)"]
[Result "1-0"]
[WhiteElo "1999"]
[BlackElo "1985"]

1.e4 c5 2.Nf3 d6 3.d4 cxd4 4.Nxd4 Nf6 5.Nc3 g6 6.Be3 Bg7 7.Bc4 O-O 8.f3 Nc6
9.Qd2 Bd7 10.O-O-O Qa5 11.Bb3 Rfc8 12.h4 Ne5 13.h5 Nxh5 14.g4 Nf6 15.Bh6 Nc4
16.Bxc4 Rxc4 17.Bxg7 Rxc3 18.Bxf6 Rac8 19.Bxe7 Qxa2 20.Qh6 Rxc2+ 21.Nxc2 Rxc2+
22.Kxc2 Ba4+ 23.Kd2 Qxb2+ 24.Ke1 Qc3+ 25.Kf2 Qc5+ 26.Kg2 {#r} 1-0

[Event "It (open)"]
[Site "masterchessopen.com Oberwart (Austria)"]
[Date "2005.07.16"]
[Round "8"]
[White "Bozinovic Boban (AUT)"]
[Black "Sandhoefner Florian (AUT)"]
[Result "0-1"]
[WhiteElo "2135"]
[BlackElo "2285"]

1.e4 c5 2.Nf3 d6 3.d4 cxd4 4.Nxd4 Nf6 5.Nc3 g6 6.Be3 Bg7 7.f3 O-O 8.Qd2 Nc6
9.Bc4 Qa5 10.O-O-O Bd7 11.h4 Rfc8 12.Bb3 Ne5 13.g4 Nc4 14.Bxc4 Rxc4 15.Nb3 Qa6
16.h5 Rxc3 17.bxc3 Qxa2 18.hxg6 fxg6 19.e5 dxe5 20.g5 Bf5 21.gxf6 Qa3+ 22.Kb1
Qxb3+ 23.Kc1 Qa3+ 24.Kb1 Be6 25.Qh2 exf6 26.Qxh7+ Kf7 27.Qh2 Rc8 28.c4 Rxc4
{#R} 0-1

[Event "It (open)"]
[Site "masterchessopen.com Ostroda (Poland)"]
[Date "2005.08.06"]
[Round "2"]
[White "Kupczyk Edyta (POL)"]
[Black "Heberla Bartlomiej (POL)"]
[Result "0-1"]
[WhiteElo "2106"]
[BlackElo "2465"]

1.e4 c5 2.Nf3 g6 3.d4 Bg7 4.Nc3 Qa5 5.Be3 Nf6 6.Qd2 cxd4 7.Nxd4 Nc6 8.f3 O-O
9.O-O-O d6 10.Bc4 Bd7 11.Bb3 Rfc8 12.Kb1 Ne5 13.h4 Nc4 14.Bxc4 Rxc4 15.Nb3 Qa6
16.h5 Be6 17.hxg6 fxg6 18.Nd5 Nxd5 19.exd5 Bf5 20.Rc1 Rac8 21.Na1 Qb5 22.b3
Bc3 23.Qe2 Qb4 24.Rcf1 Bxa1 25.Qd2 Qb5 26.Rc1 Bg7 27.Bd4 Ra4 28.Be3 Rxa2 29.g4
{#R} 0-1

[Event "It (open)"]
[Site "masterchessopen.com Vlissingen (Netherlands)"]
[Date "2005.08.12"]
[Round "7"]
[White "Van Hoeve Ab (NED)"]
[Black "Severijnen Arjon (NED)"]
[Result "1-0"]
[WhiteElo "2174"]
[BlackElo "2057"]

1.e4 c5 2.Nf3 d6 3.d4 cxd4 4.Nxd4 Nf6 5.Nc3 g6 6.Be3 Bg7 7.f3 Nc6 8.Bc4 O-O
9.Qd2 Bd7 10.O-O-O Qa5 11.h4 Ne5 12.Bb3 Rfc8 13.Kb1 Nc4 14.Bxc4 Rxc4 15.h5
Nxh5 16.g4 Nf6 17.Nb3 Qc7 18.Bh6 Rxc3 19.Bxg7 Kxg7 20.bxc3 Rc8 21.e5 dxe5
22.g5 Nh5 23.Qxd7 Qxc3 24.Qd3 Qc7 25.Rd2 a5 26.Qb5 b6 27.Re1 {#r} 1-0